000
00255nam a2200109Ia 4500
008
220204s9999 xx 000 0 und d
082
_a
801.314
_b
ROD
245
0
_a
Word finder
260
_a
Pennsylvania
_b
Rodale
_c
1976
700
_a
Rodale, J L
942
_c
BK
999
_c
24505
_d
24505